| Tag |
First Indicator |
Second Indicator |
Subfields |
| LEADER |
00000cam a2200000Ii 4500 |
| 001 |
in00000509331 |
| 005 |
20220103135048.0 |
| 008 |
761008s1976 txu bm 000 0 eng d |
| 035 |
|
|
|9 ACD1609AM
|
| 035 |
|
|
|a (OCoLC)02491011
|
| 035 |
|
|
|a (OCoLC)2491011
|
| 035 |
|
|
|a (OCoLC)ocm02491011
|
| 040 |
|
|
|a TXA
|b eng
|c TXA
|d OCLCQ
|d OCLCF
|d OCLCO
|d OCLCQ
|d TXA
|
| 049 |
|
|
|a TXAM
|
| 099 |
|
|
|a 1976
|a Dissertation
|a T612
|
| 100 |
1 |
|
|a Tischler, Charles Raymond.
|
| 245 |
1 |
0 |
|a Nitrate reductase activity in cotton cotyledons :
|b studies on in vitro stabilization and in vivo regulation /
|c by Charles Raymond Tischler.
|
| 264 |
|
1 |
|a [College Station, Tex.] :
|b Tischler,
|c 1976.
|
| 300 |
|
|
|a xi, 78 leaves ;
|c 28 cm
|
| 336 |
|
|
|a text
|b txt
|2 rdacontent
|
| 337 |
|
|
|a unmediated
|b n
|2 rdamedia
|
| 338 |
|
|
|a volume
|b nc
|2 rdacarrier
|
| 500 |
|
|
|a "Major Subject: Plant Physiology."
|
| 500 |
|
|
|a Vita.
|
| 502 |
|
|
|c Texas A & M University
|
| 504 |
|
|
|a Includes bibliographical references (leaves 69-73).
|
| 520 |
3 |
|
|a Cotyledons from germinating cotton seedlings exhibit an early period of nitrate reductase (NR) activity (approximately 28 hr following the initiation of imbibition) which is stable in vitro. By day 3 this activity has essentially disappeared from the cotyledons, but it is replaced (day 4 and beyond) by NR activity which is liable in vitro. Casein, bovine serum albumin (BSA), and boiled extract from 2-day old cotton cotyledons are all capable of stabilizing labile NR from older cotton cotyledons and leaves of corn, bean, and watermelon to some degree. This stabilization is not mediated by donation of a catalytic subunit to the NR molecule, but involves either donation of a structural subunit, or a general stabilization resulting from increased concentration of protein (or other factors) in solution. The three substances also "enhance" NR activity above levels of comparable buffer dilutions. This "enhancement" appears to result from the competition of casein, BSA, and the boiled extract for inhibitors initially bound to NR. After day 3, NR activity in cotton cotyledons exhibits a marked circadian variation, with maximum activity being observed approximately 6 hr into the light period. Although in vitro activity from such cotyledons is labile, the current investigation does not support an active role of proteases in modulating NR activity for three distinct reasons..
|
| 650 |
|
0 |
|a Cotton.
|
| 650 |
|
0 |
|a Nitrates
|x Physiological effect.
|
| 650 |
|
4 |
|a Plant Physiology
|
| 650 |
|
7 |
|a Cotton.
|2 fast
|0 (OCoLC)fst00880858
|
| 650 |
|
7 |
|a Nitrates
|x Physiological effect.
|2 fast
|0 (OCoLC)fst01037968
|
| 655 |
|
7 |
|a Academic theses
|2 lcgft
|
| 700 |
1 |
|
|a Jordan, Wayne R.,
|e degree supervisor.
|
| 700 |
1 |
|
|a Ketring, D. L.,
|e degree committee member.
|
| 700 |
1 |
|
|a Morgan, P. W.,
|e degree committee member.
|
| 700 |
1 |
|
|a Purvis, A. C.,
|e degree committee member.
|
| 700 |
1 |
|
|a Stipanovic, R. D.,
|e degree committee member.
|
| 710 |
2 |
|
|a Texas A & M University,
|e degree granting institution.
|
| 856 |
4 |
1 |
|u http://proxy.library.tamu.edu/login?url=http://proquest.umi.com/pqdweb?did=760481941&sid=1&Fmt=2&clientId=2945&RQT=309&VName=PQD
|z Link to ProQuest copy
|t 0
|
| 856 |
4 |
1 |
|u https://hdl.handle.net/1969.1/DISSERTATIONS-508800
|z Link to OAKTrust copy
|t 0
|
| 994 |
|
|
|a C0
|b TXA
|
| 999 |
f |
f |
|s 94da3001-4d26-3360-be44-b93491601522
|i 723bd9f4-8474-32a4-bc9b-e42e883a9994
|t 0
|
| 952 |
f |
f |
|p noncirc
|a Texas A&M University
|b J.J. Pickle Campus
|c High Density Repository
|s HDR
|d Remote Storage
|t 0
|e 1976 Dissertation T612
|h Other scheme
|i unmediated -- volume
|m A14840973698
|
| 952 |
f |
f |
|a Texas A&M University
|b College Station
|c Electronic Resources
|s www_evans
|d Available Online
|t 0
|e 1976 Dissertation T612
|h Other scheme
|
| 998 |
f |
f |
|a 1976 Dissertation T612
|t 0
|l Available Online
|
| 998 |
f |
f |
|a 1976 Dissertation T612
|t 0
|l Remote Storage
|